Statistiques concernant Musique disney #1

Cliquez ici pour prendre le quiz!

Statistiques générales

  • Ce quiz a été pris 96 fois
  • Le résultat moyen est 43 sur 144

Statistiques - réponses

HintRéponse% Correct
23 | 25 | 76 | 93l'
87%
95m'
81%
59à
77%
118a
77%
31j'
76%
44 | 71d'
72%
36 | 115le
70%
103ô
70%
16
68%
27 | 52 | 80la
68%
1 | 73 | 106Je
67%
78 | 82je
67%
38 | 75 | 136 | 143de
66%
18ce
59%
40 | 49 | 63 | +2 othersles
57%
89ma
56%
72amour
52%
45amour.
52%
29en
47%
125pour
47%
54des
46%
85 | 94on
46%
101ta
46%
84qu'
44%
47mon
43%
99Nous
43%
96aime,
41%
13 | 66tu
39%
87un
39%
10au
37%
126mes
37%
6ces
35%
92que
35%
61moi
34%
22Moi
34%
35dans
33%
2 | 62 | 107ne
33%
74 | 79 | 83veux
33%
30toi
30%
122son
29%
11ciel.
28%
117qui
27%
37choeur
25%
55coeurs
24%
77or,
24%
15tout
24%
34 | 131Car
23%
5si
23%
12 | 65Si
23%
138Tous
22%
114Mais
19%
110 | 112ni
18%
42ont
18%
3sais,
18%
88jour
16%
39Notre-Dame,
16%
134 | 141sont
15%
43droit
14%
91Fais
14%
104roi
14%
69aux
13%
128cette
13%
60part
13%
135 | 142enfants
11%
81 | 111gloire,
11%
58âme
10%
41bannis
10%
113bien.
10%
48Dieu,
10%
137 | 144Dieu.
10%
97Dieu
10%
9jusqu'
10%
19très
10%
21appel.
9%
17haut
9%
7mots
9%
33toujours.
9%
127frères
8%
102grâce,
8%
20 | 129humble
8%
4Seigneur,
8%
64entendra.
6%
28gitane,
6%
116gueux
6%
53misère
6%
8monteront
6%
130prière.
6%
109rien,
6%
124Entends
5%
105éternel.
5%
100implorons
5%
26impure,
5%
50malheureux.
5%
90mémoire.
5%
133 | 140miséreux
5%
57Nulle
5%
108désire
4%
120doit
4%
14entendras
4%
32espère
4%
24exclue,
4%
119faim
4%
86honore
4%
98immortel.
4%
70mendiants
4%
121mendier
4%
123pain.
4%
46Protège
4%
67restes
4%
56solitaires.
4%
68sourd
4%
51Eclaire
3%

Distribution des résultats

Percentile par nombre de réponses

% des personnes avec chaque résultat

Votre développement - résultats

Vous n’avez pas pris ce quiz